"Пастырь добрый" (Запись № 9521425)

Подробности
000 -МАРКЕР
контрольное поле 02310nam0a22004091 4500
001 - ИДЕНТИФИКАТОР ЗАПИСИ
контрольное поле rc\80781
005 - ИДЕНТИФИКАТОР ВЕРСИИ
контрольное поле 20260406094412.0
010 ## - МЕЖДУНАРОДНЫЙ СТАНДАРТНЫЙ НОМЕР КНИГИ (ISBN)
Уточнения Б.ц.
Цена б.ц.
Тираж 6000
021 ## - НОМЕР ГОСУДАРСТВЕННОЙ РЕГИСТРАЦИИ
Код страны российская федерация
Номер 97-8962
035 ## - ДРУГИЕ СИСТЕМНЫЕ НОМЕРА
Идентификатор записи (NLR Aleph) 009036215
100 ## - ДАННЫЕ ОБЩЕЙ ОБРАБОТКИ
Данные общей обработки 20021216d1997 |||y0rusy50 ca
101 0# - ЯЗЫК РЕСУРСА
Язык текста, звукозаписи и т.д. русский
102 ## - СТРАНА ПУБЛИКАЦИИ ИЛИ ПРОИЗВОДСТВА
Страна публикации российская федерация
105 ## - ПОЛЕ КОДИРОВАННЫХ ДАННЫХ: ТЕКСТОВЫЕ МАТЕРИАЛЫ, МОНОГРАФИЧЕСКИЕ
Кодированные данные о монографическом текстовом документе a z|||||||b
200 1# - ЗАГЛАВИЕ И СВЕДЕНИЯ ОБ ОТВЕТСТВЕННОСТИ
Основное заглавие "Пастырь добрый"
Сведения, относящиеся к заглавию жизнь и труды московского старца протоиерея А. Мечева
-- [сборник
Первые сведения об ответственности сост. С. Фомин
Последующие сведения об ответственности вступ. ст. С. Дурылина]
210 ## - ПУБЛИКАЦИЯ, РАСПРОСТРАНЕНИЕ И ДР.
Место издания, распространения и т.д. Москва
Имя издателя, распространителя и т. д. Паломник
-- ТУГА
Дата издания, распространения и т.д. 1997
215 ## - ФИЗИЧЕСКАЯ ХАРАКТЕРИСТИКА
Специфическое обозначение материала и объем 781, [1] с., [16] л. ил.
Размеры 24
225 1# - СЕРИЯ
Основное заглавие серии Русское православие XX века
300 ## - ОБЩИЕ ПРИМЕЧАНИЯ
Текст примечания Загл. корешка: Протоиерей Алексей Мечев
320 ## - ПРИМЕЧАНИЯ О НАЛИЧИИ В ДОКУМЕНТЕ БИБЛИОГРАФИИ / УКАЗАТЕЛЯ
Текст примечания Библиогр. в примеч.: с. 667-778
327 1# - ПРИМЕЧАНИЯ О СОДЕРЖАНИИ
Текст примечания Содерж. разделы: Из наследия о. Алексия Мечева. Воспоминания об о. Алексии Мечеве. Кончина о. Алексия Мечева
464 #0 - АНАЛИТИЧЕСКИЙ УРОВЕНЬ
Встроенное поле 2001#$aИз наследия отца Алексия Мечева
Заглавие Из наследия отца Алексия Мечева
464 #0 - АНАЛИТИЧЕСКИЙ УРОВЕНЬ
Встроенное поле 2001#$aКончина отца Алексия Мечева
Заглавие Кончина отца Алексия Мечева
464 #0 - АНАЛИТИЧЕСКИЙ УРОВЕНЬ
Встроенное поле 2001#$aВоспоминания об отце Алексии Мечеве
Заглавие Воспоминания об отце Алексии Мечеве
516 1# - ЗАГЛАВИЕ НА КОРЕШКЕ [ИЗДАНИЯ]
Заглавие на корешке Протоиерей Алексей Мечев
Язык заглавия русский
606 1# - НАИМЕНОВАНИЕ ТЕМЫ КАК ПРЕДМЕТ
Наименование темы Монашество
Географический подзаголовок Россия
Хронологический подзаголовок 19 - 20 вв.
Системный номер авторитетной/нормативной записи 2165004
Идентификатор авторитетной/нормативной записи RU\NLR\AUTH\661302731
686 0# - ИНДЕКСЫ ДРУГИХ КЛАССИФИКАЦИЙ
Индекс Э372.24-64
Код системы
702 #1 - ИМЯ ЛИЦА - ВТОРИЧНАЯ ОТВЕТСТВЕННОСТЬ
Код отношения Составитель
Материалы, к которым относится поле rus
Графика поля Кириллица
Начальный элемент ввода Фомин
Часть имени, кроме начального элемента ввода С. В.
Дополнения к именам, кроме дат публицист
Даты 1951-
Расширение инициалов личного имени Сергей Владимирович
Идентификатор авторитетной/нормативной записи RU\NLR\AUTH\777459
Системный номер авторитетной/нормативной записи 117393
702 #1 - ИМЯ ЛИЦА - ВТОРИЧНАЯ ОТВЕТСТВЕННОСТЬ
Код отношения Автор введения, предисловия, примечания и т.п.
Материалы, к которым относится поле rus
Начальный элемент ввода Дурылин
Часть имени, кроме начального элемента ввода С. Н.
Даты 1886-1954
Расширение инициалов личного имени Сергей Николаевич
Идентификатор авторитетной/нормативной записи RU\NLR\AUTH\7768701
Системный номер авторитетной/нормативной записи 51629
702 #1 - ИМЯ ЛИЦА - ВТОРИЧНАЯ ОТВЕТСТВЕННОСТЬ
Код отношения Прочие
Материалы, к которым относится поле rus
Графика поля Кириллица
Начальный элемент ввода Мечев
Часть имени, кроме начального элемента ввода А. А.
Даты 1859-1923
Расширение инициалов личного имени Алексей Алексеевич
Идентификатор авторитетной/нормативной записи RU\NLR\AUTH\7713288
Системный номер авторитетной/нормативной записи 122981
801 #0 - ИСТОЧНИК ЗАПИСИ
Страна российская федерация
Организация NLR
Правила каталогизации psbo
801 #1 - ИСТОЧНИК ЗАПИСИ
Страна российская федерация
Организация ELAR
Источник данных rusmarc
801 #2 - ИСТОЧНИК ЗАПИСИ
Страна российская федерация
Организация NLR
Дата составления 20130619
Источник данных rusmarc
852 ## - МЕСТОНАХОЖДЕНИЕ И ШИФР ХРАНЕНИЯ
Идентификатор организации NLR
Шифр хранения (Call Number) 97-7/959
942 ## - ДОПОЛНИТЕЛЬНЫЕ ЭЛЕМЕНТЫ ЗАПИСИ (АБИС)
Тип экземпляра АБИС Книга
980 ## - КОЛЛЕКЦИЯ
Название коллекции Национальная библиография
Экземпляры
Тип экземпляра Дата поступления Библиотека постоянного хранения Библиотека текущего хранения Место хранения Шифр хранения Штрих-код Статус не для выдачи
Книга 26.10.2013 РНБ (Московский) РНБ (Московский) Русский книжный фонд: издания с 1957 года, 8этаж 97-7/959 1-2304313